Countries Ending with "An" - Statistics

General Stats
  • This quiz has been taken 7,979 times
  • The average score is 13 of 16
Answer Stats
Country % Correct
Afghanistan
94%
Pakistan
94%
Turkmenistan
94%
Kazakhstan
93%
Uzbekistan
93%
Tajikistan
92%
Kyrgyzstan
91%
Iran
80%
Azerbaijan
78%
Japan
77%
Oman
73%
Sudan
67%
Bhutan
66%
Jordan
66%
South Sudan
66%
Taiwan
55%
No matching quizzes found
Score Distribution
Percent of People with Each Score
Percentile by Number Answered
Your Score History
You have not taken this quiz